A textbook of discrete mathematics / (Record no. 164802)

MARC details
000 -LEADER
fixed length control field 00528nam a22001817a 4500
005 - DATE AND TIME OF LATEST TRANSACTION
control field 20190528115400.0
010 ## - LCCN (DPL NO)
LC control number B-098640
020 ## - INTERNATIONAL STANDARD BOOK NUMBER
International Standard Book Number 8121922321
Terms of availability 240.00
035 ## - SYSTEM CONTROL NUMBER
System control number B-098640
037 ## - SOURCE OF ACQUISITION
Source of stock number/acquisition S. Chand
082 ## - DEWEY DECIMAL CLASSIFICATION NUMBER
Classification number 511
100 ## - MAIN ENTRY--PERSONAL NAME
Personal name Sarkar, Swapan Kumar.
245 ## - TITLE STATEMENT
Title A textbook of discrete mathematics /
Statement of responsibility, etc by Swapan Kumar Sarkar
260 ## - PUBLICATION, DISTRIBUTION, ETC. (IMPRINT)
Place of publication, distribution, etc New Delhi
Name of publisher, distributor, etc S. Chand
Date of publication, distribution, etc 2003
300 ## - PHYSICAL DESCRIPTION
Extent 644p (it include index)
Dimensions 23cm (hbk)
942 ## - ADDED ENTRY ELEMENTS (KOHA)
Source of classification or shelving scheme Dewey Decimal Classification
Item type English Books
Classification part 511
Call number suffix SAR
Holdings
Withdrawn status Lost status Not for loan Collection code Home library Current library Date acquired Full call number Barcode Koha item type
      Non-fiction Sarojini Nagar Sarojini Nagar 27/05/2019 511 SAR B-098640 English Books

© Delhi Public Library
Hit Counter
free hit counter